000 00739cab a2200229 4500
001 WB3404-34
008 090401t1998 xxu||||| |||| 00| 0 eng d
035 _a(Sirsi) u83395
041 _aeng
245 _aService with style
260 _c1998
350 _a0
490 _aDaily Telegraph
_v28 January 1998, 36(2)
520 _aServiced apartments are proving an attractive alternative to hotel accommodation. Rental prices are lower than hotel rates but their growing popularity means they can provide a lucrative income for landlords.
650 _aCENTRAL LONDON
650 _aHOTEL MARKET
650 _aHOTELS
650 _aSERVICED APARTMENTS
690 _aLEISURE AND RECREATION
942 _n0
948 _c29/01/1998
999 _c52674
_d52674